AH International Schools' Libraries

Fun fair fun / (Record no. 49402)

MARC details
000 -LEADER
fixed length control field 00339nam a2200121 4500
020 ## - INTERNATIONAL STANDARD BOOK NUMBER
International Standard Book Number 9780723275459
100 ## - MAIN ENTRY--PERSONAL NAME
Personal name Hughes, Monica
9 (RLIN) 86548
245 ## - TITLE STATEMENT
Title Fun fair fun /
Statement of responsibility, etc Monica Hughes & Chis Jevons
260 ## - PUBLICATION, DISTRIBUTION, ETC. (IMPRINT)
Place of publication, distribution, etc UK
Name of publisher, distributor, etc Ladybird Books
Date of publication, distribution, etc 2014
300 ## - PHYSICAL DESCRIPTION
Extent 31 p.
Other physical details col. ill.
Dimensions 23 cm.
490 ## - SERIES STATEMENT
Series statement Ladybird I'm ready for phonics!
942 ## - ADDED ENTRY ELEMENTS (KOHA)
Source of classification or shelving scheme
Koha item type Book
Holdings
Withdrawn status Lost status Source of classification or shelving scheme Damaged status Not for loan Home library Current library Shelving location Date acquired Total Checkouts Full call number Barcode Checked out Date last seen Date checked out Price effective from Koha item type
          Asian Hope Early Years Library Asian Hope Early Years Library Easy Reading 08/22/2025 11 X HUG 208941 04/22/2026 04/22/2026 04/22/2026 08/22/2025 Book

For any Logos Library related questions please contact Miss Art at swongnarasuk@asianhope.org.

For any Asian Hope Library related questions please contact Miss Raza at graza@asianhope.org.

Click here to explore our ebooks!

Powered by Koha